| 000 | 00877nam a2200193 a 4500 | ||
|---|---|---|---|
| 008 | 120416s1996 ||||||||||||||||| || u | ||
| 020 | _a0521568234 | ||
| 050 | _aQA 113 Kor | ||
| 100 | _aKorner, T. W | ||
| 245 | 1 | 4 | _aThe pleasures of counting |
| 260 |
_aCambridge: _bCUP _c1996 |
||
| 300 | _ax, 534p. : ill. | ||
| 350 | _a0.00 | ||
| 650 | _aMATHEMATICS--POPULAR WORKS | ||
| 650 | _aMATHEMATICS | ||
| 995 |
_aANNEX COLLECTION (Main Library) _D0.00 _e735410 _FCBU-MAIN LIBRARY (Kitwe) _H1 _I0.00 _jQA 113 Kor _M1 _UAVAILABLE _y40379 _ZAnnex Low-Usage Collection |
||
| 995 |
_aMAIN LIBRARY OPEN ACCESS _D0.00 _e729071 _FCBU-MAIN LIBRARY (Kitwe) _H2 _I0.00 _jQA 113 Kor _M2 _UAVAILABLE _y021029 _ZMain Library Open Access Collection |
||
| 995 |
_aMAIN LIBRARY OPEN ACCESS _D0.00 _e728981 _FCBU-MAIN LIBRARY (Kitwe) _H3 _I0.00 _jQA 113 Kor _M3 _UAVAILABLE _y020945 _ZMain Library Open Access Collection |
||
| 999 |
_c81993 _d81993 |
||